000
00314nam a2200133Ia 4500
008
090707b ii f a fnsan d
100
_a
Dhiman, Harbans Singh
_9
4881
245
_a
Punjabi bhasha ate viyakaran
260
_a
Patiala
260
_b
Gagan Prakashan
260
_c
2006
300
_a
208p
942
_c
BK
999
_c
21841
_d
21841